000 00651nam a2200205 4500
001 135739
003 ES-MaACL
005 20230906194938.0
007 t|
008 070214s1940 sp r ||||1| spa d
100 1 _aRuiz de Alarcón y Mendoza, Juan.
_9100719
245 1 3 _aLa verdad sospechosa /
_cJuan Ruiz de Alarcón ; prólogo de Angel Valbuena Prat.
260 _aBarcelona :
_bAtlántida,
_c1940.
300 _a182 p., 1 lám. :
_bil. ;
_c23 cm.
490 1 _aMuérdago
700 1 _aValbuena Prat, Ángel,
_d1900-1977
_9112459
830 0 _aMuérdago
_9219942
852 _aES-MaACL
_jB-3575
_bR.18958
999 _c135739
_d135739